Je BRICS konkurenciou pre EÚ a NAFTA? diplomová práca

Gespeichert in:
Bibliographische Detailangaben
1. Verfasser: Hájovská, Martina
Körperschaft: Obchodná fakulta EU. Katedra medzinárodného obchodu
Weitere Verfasser: Zábojník, Stanislav, 1984-
Format: Buch
Sprache:Slowakisch
Veröffentlicht: Bratislava 2016
Tags: Tag hinzufügen
Keine Tags, Fügen Sie das erste Tag hinzu!

MARC

LEADER 00000nbm a2200000 4500
001 0216754
005 20161123152251.3
041 0 |a slo 
044 |a SK 
245 1 0 |a Je BRICS konkurenciou pre EÚ a NAFTA?  |b diplomová práca  |c Martina Hájovská ; školiteľ: Stanislav Zábojník 
264 1 |a Bratislava  |c 2016 
300 |a 108 s. 
100 1 |a Hájovská, Martina 
700 1 |a Zábojník, Stanislav, 1984- 
710 2 |a Obchodná fakulta EU. Katedra medzinárodného obchodu